पर्यावरण शिक्षाः (Record no. 29061)

MARC details
000 -LEADER
fixed length control field 01458nam a22002657a 4500
005 - DATE AND TIME OF LATEST TRANSACTION
control field 20090810121120.0
008 - FIXED-LENGTH DATA ELEMENTS--GENERAL INFORMATION
fixed length control field 090807t xxu||||| |||| 00| 0 hin d
010 ## - LCCN (DPL NO)
LC control number HIN-87674
020 ## - INTERNATIONAL STANDARD BOOK NUMBER
International Standard Book Number 9788177111729
Terms of availability 400.00
035 ## - SYSTEM CONTROL NUMBER
System control number HN-60020
037 ## - SOURCE OF ACQUISITION
Source of stock number/acquisition DBAD / PUB
040 ## - CATALOGING SOURCE
Original cataloging agency dpl
Language of cataloging hn
082 ## - DEWEY DECIMAL CLASSIFICATION NUMBER
Classification number 333.07
100 ## - MAIN ENTRY--PERSONAL NAME
Personal name यादव, मनोज कुमार
245 ## - TITLE STATEMENT
Title पर्यावरण शिक्षाः
Statement of responsibility, etc मनोज कुमार यादव एवं अनुपमा यादव
Remainder of title बी.एढ. विद्यार्थियों के लिए अनिवार्य प्रश्न पत्र /
246 ## - VARYING FORM OF TITLE
Title proper/short title Paryavaran shikshaa
Remainder of title by Manoj kumar Yadav
260 ## - PUBLICATION, DISTRIBUTION, ETC. (IMPRINT)
Place of publication, distribution, etc जयपुर
Name of publisher, distributor, etc साहित्यागार
Date of publication, distribution, etc 2009
270 ## - ADDRESS
Address धामाणी मार्केट की गली, चौड़ा रास्ता
City जयपुर
Postal code 302003
300 ## - PHYSICAL DESCRIPTION
Extent 199पृ.
Dimensions 22सेमी (सजिल्द)
650 ## - SUBJECT ADDED ENTRY--TOPICAL TERM
Topical term or geographic name as entry element पर्यावरण शिक्षा
General subdivision अध्ययन एवं अध्यापन
650 ## - SUBJECT ADDED ENTRY--TOPICAL TERM
Topical term or geographic name as entry element Environmental education
General subdivision Study and teaching
700 ## - ADDED ENTRY--PERSONAL NAME
Personal name यादव, अनुपमा
942 ## - ADDED ENTRY ELEMENTS (KOHA)
Source of classification or shelving scheme Dewey Decimal Classification
Item type Hindi Books
Call number suffix यादव
Classification part 333.07
Holdings
Withdrawn status Lost status Source of classification or shelving scheme Damaged status Not for loan Home library Current library Date acquired Source of acquisition Cost, normal purchase price Total Checkouts Full call number Barcode Date last seen Copy number Cost, replacement price Koha item type
    Dewey Decimal Classification   Not For Loan D.B.Act.Division D.B.Act.Division 10/08/2009 DBAD / PUB 400.00   333.07 यादव HN-60020 10/08/2009 1 400.00 Hindi Books

© Delhi Public Library
Hit Counter
free hit counter